000 01271nam a22002777a 4500
001 9129
003 FISKH
005 20251124134937.0
008 251124b cb ||||| |||| 00| 0 eng d
020 _a0669113867
040 _aFISKH
_beng
_cFISKH
_dFISKH
050 _aH352 H
082 _a372.83
100 _aReque, Barbara Radner
_eAuthor
245 _aNeighborhoods and communities :
_bHeath Social Studies /
_cBarbara Radner Reque
250 _aThis edition is published in 1987.
260 _aMassachusetts :
_bD.C. Health and Company ,
_c1985
300 _a165 pages :
_bcolor illustrations ;
_c24 cm
505 _aP
520 _aThis book teaches you all about the place where you live—your neighborhood! You learn who lives in a neighborhood, what kinds of helpers and services keep it running, and how people work together to make it a safe and happy place. It also shows different kinds of communities, like farms, towns, and cities, and explains how each one is special. You’ll discover why rules are important, why people depend on one another, and what makes a community grow and change over time.
521 8 _a600
_bLexile estimate
521 8 _aR
_bRaz-Plus
650 _aGeography
_vCommunity
942 _2ddc
_cBK
_n0
999 _c9129
_d9129